[Event "DEN-ch sf2"]
[Site "Svendborg"]
[Date "2024.03.29"]
[Round "4"]
[White "Jensen, Morten Frank"]
[Black "Jensen, Soren"]
[Result "0-1"]
[WhiteElo "1999"]
[BlackElo "1945"]
[PlyCount "78"]
[EventDate "2024.03.29"]
[EventType "swiss"]
[EventRounds "7"]
[EventCountry "DEN"]
[SourceTitle "CB16_2024"]
[SourceDate "2024.04.17"]
[SourceVersion "1"]
[SourceVersionDate "2024.04.17"]
[SourceQuality "1"]

1. d4 b5 2. Nf3 Bb7 3. g3 e6 4. Bg2 c5 5. c3 Nf6 6. 0-0 Nc6 7. Na3 a6 8. Nc2 d5 9. Nce1 Nd7 10. h4 Be7 11. Nd3 Qb6 12. Be3 h6 13. dxc5 Qc7 14. b4 e5 15. Nh2 Nf6 16. a4 Rd8 17. axb5 axb5 18. Qb3 Qd7 19. f4 e4 20. Nf2 Nh5 21. Bh3 f5 22. Kg2 Qe6 23. g4 Qg6 24. g5 d4 25. cxd4 Nxd4 26. Qb2 Ne6 27. Nfg4 0-0 28. Ne5 Qe8 29. c6 Bxc6 30. Nxc6 Qxc6 31. Ra7 Qd6 32. Qe5 hxg5 33. Rxe7 Qxe7 34. fxg5 g6 35. Qxb5 Qd6 36. Qc4 Kh7 37. Bc5 Nxc5 38. Qxc5 Qg3+ 39. Kh1 Qxh3 0-1

[Event "Helsingor Xtracon op"]
[Site "Helsingor"]
[Date "2019.07.21"]
[Round "2"]
[White "Jensen, Morten Frank"]
[Black "Storme, Isak"]
[Result "0-1"]
[WhiteElo "2029"]
[BlackElo "2330"]
[PlyCount "92"]
[EventDate "2019.07.20"]
[EventType "swiss"]
[EventRounds "10"]
[EventCountry "DEN"]
[SourceTitle "CBM 191 Extra"]
[Source "ChessBase"]
[SourceDate "2019.09.30"]
[SourceVersion "1"]
[SourceVersionDate "2019.09.30"]
[SourceQuality "1"]

1. e4 e5 2. Bb5 a6 3. Ba4 Nf6 4. Nc3 b5 5. Bb3 Bc5 6. d3 0-0 7. Be3 Bxe3 8. fxe3 d6 9. h3 c5 10. Qf3 Be6 11. Nd5 c4 12. dxc4 bxc4 13. Bxc4 Bxd5 14. Bxd5 Nxd5 15. exd5 Qa5+ 16. c3 Nd7 17. Ne2 Nb6 18. Kf2 f5 19. Rhd1 Nc4 20. b3 Nb2 21. Rd2 Nd3+ 22. Kg1 e4 23. Qg3 Qxd5 24. c4 Qe5 25. Qxe5 dxe5 26. Nc3 Kf7 27. Nd5 Rac8 28. g4 g6 29. a3 Ke6 30. Rf1 Rf7 31. gxf5+ gxf5 32. Rg2 a5 33. Rb1 Rb7 34. Rc2 f4 35. Nc3 Kf5 36. exf4 exf4 37. Re2 Rg8+ 38. Kh2 f3 39. Rd2 Rbg7 40. Nd5 Rg2+ 41. Kh1 Rxd2 42. Ne7+ Kf4 43. Nxg8 Nf2+ 44. Kh2 Ng4+ 45. Kh1 Rh2+ 46. Kg1 f2+ 0-1

[Event "Helsingor Xtracon op"]
[Site "Helsingor"]
[Date "2018.07.29"]
[Round "10"]
[White "Schwarz, Frank"]
[Black "Jensen, Morten Frank"]
[Result "0-1"]
[WhiteElo "2234"]
[BlackElo "2007"]
[PlyCount "178"]
[EventDate "2018.07.21"]
[EventType "swiss"]
[EventRounds "10"]
[EventCountry "DEN"]
[SourceTitle "CBM 185 Extra"]
[Source "ChessBase"]
[SourceDate "2018.07.29"]
[SourceVersion "1"]
[SourceVersionDate "2018.07.29"]
[SourceQuality "1"]

1. c4 g6 2. g3 Bg7 3. Bg2 c5 4. Nc3 Nc6 5. e3 b6 6. Nge2 Bb7 7. 0-0 Nf6 8. b3 0-0 9. Bb2 Qc8 10. Rb1 Nb4 11. e4 d6 12. d3 e6 13. Qd2 Nc6 14. Rbd1 Rd8 15. Qc1 a6 16. Qa1 e5 17. h3 Nd4 18. f4 b5 19. Nxd4 cxd4 20. Nd5 Nxd5 21. cxd5 f6 22. Rf2 Qd7 23. Kh2 Bc8 24. Qc1 Qb7 25. Rc2 Bd7 26. Rc7 Qb6 27. Rd2 Rac8 28. Rdc2 Rxc7 29. Rxc7 Qb8 30. Ba3 Bf8 31. Bb4 Rc8 32. Ba5 Rxc7 33. Qxc7 Qxc7 34. Bxc7 Kf7 35. Kg1 Ke7 36. Kf2 Be8 37. h4 Bd7 38. Bf3 Bh6 39. Bb6 Bc8 40. h5 Bd7 41. Be2 Bc8 42. hxg6 hxg6 43. Kf3 Bd7 44. Ba5 Bc8 45. Bd2 Bd7 46. Kf2 Bc8 47. Ke1 Bd7 48. Kd1 g5 49. Bh5 gxf4 50. gxf4 Kf8 51. Bb4 Ke7 52. f5 Bf8 53. Kc2 Bh6 54. Bg6 Be3 55. Kb2 Bh6 56. Be1 Bg5 57. Bb4 Bh6 58. Bh7 Be3 59. Bg8 Bh6 60. Be6 Be3 61. Kc2 Bh6 62. Bd2 Bxd2 63. Kxd2 b4 64. Ke2 Be8 65. Bc8 Bh5+ 66. Kd2 a5 67. Ba6 Kf7 68. Bc4 Kg7 69. Bb5 Kh6 70. Bc4 Kg5 71. Bb5 Kf4 72. Bc4 Bf3 73. Bb5 Bxe4 74. dxe4 Kxe4 75. Bc6 Kxf5 76. Kd3 Kf4 77. Be8 f5 78. Bg6 Kg4 79. Be8 f4 80. Ke4 f3 81. Bb5 Kg3 82. Bf1 Kf2 83. Bh3 Ke1 84. Kxf3 d3 85. Ke4 d2 86. Bg4 d1Q 87. Bxd1 Kxd1 88. Kf5 Kc2 89. Ke6 e4 0-1

[Event "Helsingor Xtracon op"]
[Site "Helsingor"]
[Date "2018.07.28"]
[Round "9"]
[White "Lund, Gunnar"]
[Black "Jensen, Morten Frank"]
[Result "0-1"]
[WhiteElo "2216"]
[BlackElo "2007"]
[PlyCount "106"]
[EventDate "2018.07.21"]
[EventType "swiss"]
[EventRounds "10"]
[EventCountry "DEN"]
[SourceTitle "CBM 185 Extra"]
[Source "ChessBase"]
[SourceDate "2018.07.29"]
[SourceVersion "1"]
[SourceVersionDate "2018.07.29"]
[SourceQuality "1"]

1. d4 g6 2. Nf3 Bg7 3. Bg5 c5 4. c3 cxd4 5. cxd4 Qb6 6. Qd2 Nc6 7. e3 Nf6 8. Nc3 d6 9. h3 Bd7 10. Be2 Qa5 11. 0-0 h6 12. Bxf6 Bxf6 13. a3 0-0 14. b4 Qd8 15. Rac1 Rc8 16. Rfd1 Bg7 17. e4 Kh7 18. Qf4 Nxd4 19. Nxd4 Bxd4 20. Nd5 e5 21. Rxc8 Bxc8 22. Qf6 Qxf6 23. Nxf6+ Kg7 24. Nd5 Bd7 25. Ne3 Rc8 26. Kf1 Ba4 27. Rb1 Bxe3 28. fxe3 Rc3 29. b5 Rxa3 30. Rb4 Bc2 31. Rc4 Bd3 32. Bxd3 Rxd3 33. Rc7 Rxe3 34. Rxb7 Rxe4 35. Rxa7 Rb4 36. Rb7 Rb2 37. Rb6 d5 38. h4 d4 39. g3 h5 40. Ke1 Kf8 41. Kd1 Ke7 42. Rb7+ Ke6 43. b6 f6 44. Kc1 Rb4 45. Rg7 Rxb6 46. Rxg6 Kf7 47. Rh6 Rb3 48. Rxh5 Rxg3 49. Rh8 Kg7 50. Rh5 Rg6 51. Rf5 Rh6 52. h5 Kf7 53. Kd2 Ke6 0-1

[Event "Helsingor Xtracon op"]
[Site "Helsingor"]
[Date "2018.07.25"]
[Round "6"]
[White "Jensen, Morten Frank"]
[Black "Manz, Andreas"]
[Result "1-0"]
[WhiteElo "2007"]
[BlackElo "1791"]
[PlyCount "95"]
[EventDate "2018.07.21"]
[EventType "swiss"]
[EventRounds "10"]
[EventCountry "DEN"]
[SourceTitle "CBM 185 Extra"]
[Source "ChessBase"]
[SourceDate "2018.07.29"]
[SourceVersion "1"]
[SourceVersionDate "2018.07.29"]
[SourceQuality "1"]

1. g3 d5 2. Bg2 Nf6 3. c4 e6 4. Nf3 dxc4 5. Na3 Bxa3 6. Qa4+ Nc6 7. Qxa3 Qd6 8. b3 Qxa3 9. Bxa3 cxb3 10. axb3 Nd5 11. 0-0 Nce7 12. Ra2 c6 13. Ne5 Nb6 14. Rfa1 f6 15. Bc5 Nbd5 16. Nc4 a6 17. e4 Nc7 18. Nd6+ Kf8 19. Bh3 Nb5 20. Nxc8 Rxc8 21. Bxe6 Rd8 22. f3 Nd4 23. Bxd4 Rxd4 24. Kf2 Rd6 25. Bc4 Nc8 26. Ke3 Ke7 27. d4 Rhd8 28. Rd2 Nb6 29. f4 h6 30. h4 Ra8 31. Ra5 Rad8 32. g4 Rh8 33. h5 Nxc4+ 34. bxc4 Re8 35. Rb2 Rd7 36. Ra1 Ra8 37. c5 Rc7 38. Rab1 Ra7 39. Kd3 Kd7 40. Kc4 Kc8 41. Kd3 Rd7 42. Kc4 Rc7 43. d5 cxd5+ 44. exd5 b5+ 45. Kd4 Re7 46. d6 Rad7 47. Ra2 Kb7 48. Rba1 1-0

[Event "Helsingor Xtracon op"]
[Site "Helsingor"]
[Date "2018.07.22"]
[Round "2"]
[White "Jensen, Morten Frank"]
[Black "Foisor, Sabina Francesca"]
[Result "0-1"]
[WhiteElo "2007"]
[BlackElo "2285"]
[PlyCount "90"]
[EventDate "2018.07.21"]
[EventType "swiss"]
[EventRounds "10"]
[EventCountry "DEN"]
[SourceTitle "CBM 185 Extra"]
[Source "ChessBase"]
[SourceDate "2018.07.29"]
[SourceVersion "1"]
[SourceVersionDate "2018.07.29"]
[SourceQuality "1"]

1. g3 d5 2. Bg2 Nf6 3. c4 e6 4. Nf3 Be7 5. cxd5 exd5 6. d4 0-0 7. 0-0 c6 8. Nc3 Bf5 9. Bg5 Ne4 10. Bxe7 Qxe7 11. Nh4 Bc8 12. Nf3 Nd7 13. e3 Nb6 14. Nd2 Nd6 15. b3 Bf5 16. a4 a5 17. Re1 Be4 18. f3 Bd3 19. e4 Rfe8 20. exd5 Qf6 21. Nde4 Qxd4+ 22. Kh1 Nxe4 23. Nxe4 Qxd5 24. Re3 Bxe4 25. Rxe4 Rad8 26. Qg1 Rxe4 27. fxe4 Qd4 28. Bf3 f6 29. Rd1 Qxg1+ 30. Kxg1 Rxd1+ 31. Bxd1 Kf7 32. Kf2 Ke6 33. Ke3 Kd6 34. Kd4 Nd7 35. Be2 b6 36. Bf1 Nc5 37. Bc4 Ne6+ 38. Ke3 Ke5 39. Bd3 g5 40. h3 Nc5 41. Bc2 h5 42. h4 g4 43. Bd3 Nxb3 44. Bc4 Nc5 45. Bf7 Nxe4 0-1

[Event "DEN-ch G7-1"]
[Site "Svendborg"]
[Date "2016.03.26"]
[Round "5"]
[White "Nielsen, Poul Erik1111"]
[Black "Jensen, Morten Frank"]
[Result "1/2-1/2"]
[WhiteElo "2032"]
[BlackElo "2032"]
[PlyCount "108"]
[EventDate "2016.03.22"]
[EventType "swiss"]
[EventRounds "7"]
[EventCountry "DEN"]
[SourceTitle "EXT 2023"]
[Source "ChessBase"]
[SourceDate "2022.10.05"]
[SourceVersion "1"]
[SourceVersionDate "2022.10.05"]
[SourceQuality "1"]

1. Nf3 g6 2. g3 Bg7 3. Bg2 c5 4. 0-0 Nc6 5. d3 b6 6. e4 Bb7 7. Nbd2 d6 8. Re1 Nf6 9. Nc4 0-0 10. e5 Nxe5 11. Ncxe5 dxe5 12. Rxe5 e6 13. Re1 Qe7 14. Qe2 Rfe8 15. c3 Rad8 16. a4 a6 17. d4 cxd4 18. Nxd4 Bxg2 19. Kxg2 Qb7+ 20. Qf3 Qxf3+ 21. Kxf3 Nd5 22. Nb3 Rd6 23. Be3 Nxe3 24. Kxe3 Red8 25. Ke2 Kf8 26. Red1 Ke7 27. Rxd6 Rxd6 28. Rd1 Rxd1 29. Kxd1 Kd6 30. Ke2 Kd5 31. Kd3 g5 32. h3 b5 33. axb5 axb5 34. Nd2 f5 35. b3 Bf8 36. f3 h5 37. g4 hxg4 38. hxg4 Ke5 39. gxf5 exf5 40. c4 bxc4+ 41. Nxc4+ Kf4 42. Ke2 g4 43. fxg4 fxg4 44. Kf2 Bc5+ 45. Kg2 Ke4 46. Nb2 Bd6 47. Nc4 Bc7 48. Nd2+ Ke3 49. Nf1+ Ke2 50. Ng3+ Kd3 51. b4 Kc4 52. Nf1 Kxb4 53. Ne3 g3 54. Nf5 Kc3 1/2-1/2

[Event "DEN-ch G7-1"]
[Site "Svendborg"]
[Date "2016.03.23"]
[Round "2"]
[White "Jensen, Morten Frank"]
[Black "Kakulidis, Ellen"]
[Result "1-0"]
[WhiteElo "2032"]
[BlackElo "1843"]
[PlyCount "52"]
[EventDate "2016.03.22"]
[EventType "swiss"]
[EventRounds "7"]
[EventCountry "DEN"]
[SourceTitle "EXT 2023"]
[Source "ChessBase"]
[SourceDate "2022.10.05"]
[SourceVersion "1"]
[SourceVersionDate "2022.10.05"]
[SourceQuality "1"]

1. e4 e6 2. f4 d5 3. e5 c5 4. Nf3 Ne7 5. c3 Nec6 6. Na3 Nd7 7. Bb5 a6 8. Bxc6 bxc6 9. d3 Be7 10. 0-0 a5 11. Kh1 h6 12. Be3 Ba6 13. Qc2 c4 14. d4 g6 15. Rae1 Rb8 16. g4 Bc8 17. f5 gxf5 18. gxf5 exf5 19. Qxf5 Nc5 20. e6 Bxe6 21. Qh5 Ne4 22. Ne5 Nf6 23. Qf3 Rb6 24. Bc1 Rh7 25. Nc2 Nd7 26. Ng6 Rg7 1-0

[Event "Politiken Cup 37th"]
[Site "Helsingor"]
[Date "2015.07.26"]
[Round "3"]
[White "Pedersen, Carl Aage"]
[Black "Jensen, Morten Frank"]
[Result "1-0"]
[WhiteElo "1778"]
[BlackElo "2028"]
[PlyCount "123"]
[EventDate "2015.07.25"]
[EventType "swiss"]
[EventRounds "10"]
[EventCountry "DEN"]
[SourceTitle "CBM 167 Extra"]
[Source "ChessBase"]
[SourceDate "2015.09.14"]
[SourceVersion "1"]
[SourceVersionDate "2015.09.14"]
[SourceQuality "1"]

1. d4 g6 2. c4 Bg7 3. Nc3 c5 4. d5 Bxc3+ 5. bxc3 f5 6. Nf3 Qa5 7. Qc2 Nf6 8. Nd2 d6 9. f3 Nbd7 10. Bb2 Nb6 11. e3 Bd7 12. Be2 0-0-0 13. 0-0 e5 14. Rfb1 Kb8 15. Qb3 Rdg8 16. Qa3 Qa4 17. Qxa4 Nxa4 18. Bd1 Nxb2 19. Rxb2 g5 20. Rab1 Bc8 21. a4 g4 22. Nb3 gxf3 23. Bxf3 Rg7 24. Na5 Ka8 25. Nb3 Ng4 26. Re2 h5 27. Bxg4 Rxg4 28. Nd2 Rhg8 29. a5 h4 30. h3 Rg3 31. Kh2 R3g7 32. Rf2 Bd7 33. Nf3 Rh7 34. Rfb2 Bc8 35. Re2 Kb8 36. Kh1 Kc7 37. Nd2 Bd7 38. Rf1 Rh5 39. Ref2 b6 40. axb6+ Kxb6 41. Rb1+ Kc7 42. Ra1 Ra8 43. Nb1 Rg5 44. Rfa2 Rg3 45. Rxa7+ Rxa7 46. Rxa7+ Kd8 47. Kg1 Rxe3 48. Kf2 f4 49. Ra8+ Bc8 50. Na3 Kc7 51. Nb5+ Kb7 52. Ra7+ Kb8 53. Rf7 Bxh3 54. gxh3 Rxh3 55. Rf8+ Kb7 56. Nxd6+ Kb6 57. Ne4 Re3 58. Rf6+ Kc7 59. Nxc5 Kd8 60. d6 Ke8 61. d7+ Ke7 62. Re6+ 1-0

[Event "Copenhagen Challenge"]
[Site "Ballerup"]
[Date "2014.05.18"]
[Round "8"]
[White "Jensen, Morten Frank"]
[Black "Kistrup, Nicolai"]
[Result "1-0"]
[WhiteElo "2005"]
[BlackElo "1721"]
[PlyCount "93"]
[EventDate "2014.05.14"]
[EventType "swiss"]
[EventRounds "9"]
[EventCountry "DEN"]
[SourceTitle "CBM 160 Extra"]
[Source "ChessBase"]
[SourceDate "2014.07.01"]
[SourceVersion "1"]
[SourceVersionDate "2014.07.01"]
[SourceQuality "1"]

1. e4 c5 2. Nf3 d6 3. Bd3 g6 4. c3 Bg7 5. Bc2 Nc6 6. h3 Nf6 7. 0-0 0-0 8. d3 Nd7 9. Re1 b5 10. Be3 b4 11. d4 bxc3 12. bxc3 cxd4 13. cxd4 Nb4 14. Bb3 Ba6 15. Qd2 Nd3 16. Rd1 N7c5 17. Nc3 Nxb3 18. axb3 Nb4 19. Ra4 Rb8 20. Rda1 Qd7 21. Rxb4 Rxb4 22. Rxa6 Rxb3 23. Nd5 e6 24. Qa2 Rb7 25. Nf4 Ra8 26. d5 e5 27. Ne2 h6 28. Qa3 Bf8 29. Kh2 Kh7 30. Ng3 Qc7 31. Rc6 Qd7 32. Ra6 Qc7 33. h4 Qd7 34. h5 Qc7 35. Rc6 Qd7 36. Bd2 Rc8 37. Ra6 Rc4 38. Nxe5 Qe7 39. hxg6+ fxg6 40. Nxc4 Qh4+ 41. Kg1 Qe7 42. Bb4 Bg7 43. e5 Qd8 44. Nxd6 Rd7 45. Rxa7 Rxa7 46. Qxa7 h5 47. Qf7 1-0

[Event "Copenhagen Challenge"]
[Site "Ballerup"]
[Date "2014.05.17"]
[Round "7"]
[White "Rosenkilde, Alexander"]
[Black "Jensen, Morten Frank"]
[Result "1-0"]
[WhiteElo "2271"]
[BlackElo "2005"]
[PlyCount "69"]
[EventDate "2014.05.14"]
[EventType "swiss"]
[EventRounds "9"]
[EventCountry "DEN"]
[SourceTitle "CBM 160 Extra"]
[Source "ChessBase"]
[SourceDate "2014.07.01"]
[SourceVersion "1"]
[SourceVersionDate "2014.07.01"]
[SourceQuality "1"]

1. d4 g6 2. c4 Bg7 3. Nc3 c5 4. d5 Bxc3+ 5. bxc3 f5 6. Nf3 Qa5 7. Qc2 Nf6 8. e3 d6 9. Bd3 Nbd7 10. 0-0 Nb6 11. Rb1 Bd7 12. Nd2 0-0-0 13. f3 Kc7 14. e4 fxe4 15. fxe4 Ng4 16. Nf3 Rhf8 17. Bg5 Rde8 18. e5 h6 19. Bd2 Rxf3 20. exd6+ exd6 21. Rxf3 Ne5 22. Re3 Qa4 23. Qb3 Rf8 24. Rxe5 dxe5 25. Bxh6 Rg8 26. Re1 Kd6 27. Rf1 Qxb3 28. axb3 Bg4 29. Bf8+ Rxf8 30. Rxf8 Nd7 31. Rg8 Bd1 32. Rxg6+ Ke7 33. Rg7+ Kd8 34. Bf5 Nf6 35. Rxb7 1-0